| 000 | 01998nam0a2200481 4500 | ||
|---|---|---|---|
| 001 | 14017 | ||
| 003 | http://www.sudoc.fr/291100821 | ||
| 005 | 20260129123709.0 | ||
| 010 |
_a9782330208592 _d12 EUR |
||
| 010 | _a2330208596 | ||
| 035 | _a(OCoLC)1544960123 | ||
| 035 | _aon1536182361 | ||
| 090 | _a14017 | ||
| 099 | _o0 | ||
| 100 | _a20251013h20252025m y0frey50 ba | ||
| 101 | 0 | _afre | |
| 102 | _aFR | ||
| 105 | _ay z 000by | ||
| 181 |
_6z01 _ctxt _2rdacontent |
||
| 181 | 1 |
_6z01 _ai# _bxxxe## |
|
| 182 |
_6z01 _cn _2rdamedia |
||
| 182 | 1 |
_6z01 _an |
|
| 183 | 1 |
_6z01 _anga _2RDAfrCarrier |
|
| 200 | 1 |
_aFadhila _bLIVR |
|
| 214 | 0 |
_cActes Sud _dDL 2025 |
|
| 214 | 0 | _aArles | |
| 215 | _a1 vol. (59 pages) | ||
| 215 |
_ccouv. ill. en coul. _d21 cm |
||
| 225 | 0 | _aActes sud-Papiers | |
| 225 | 0 | _x0298-0592 | |
| 323 | _a9 personnages | ||
| 330 | _aUne famille tenue d’une main de fer par Fadhila se trouve corrompue par l’intégrisme islamique. Pour éviter que la gangrène ne ronge toute la descendance, Fadhila se résout, dans un ultime élan d’amour maternel, à commettre l’irréparable. Aristide Tarnagda porte une langue créolisée, où les images métaphoriques provoquent de doux soufflets. “Ton visage n’aimait pas mon silence, mais au moins le silence ne tremblait pas. Le silence ne me trahissait pas. Il venait toujours quand les mots, eux, se terraient dans mon ventre. Mais puisqu’aujourd’hui, comme ton père, tu choisis de me tourner le dos, je vais laisser les mots remonter à la surface et nager jusqu’à ton âme.” | ||
| 410 | _0001021583 | ||
| 410 |
_tThéâtre (Paris. 1985) _x0298-0592 |
||
| 608 |
_3027331954 _aThéâtre (genre littéraire) _3027261689 _yBurkina Faso _3050665391 _z2000-.... _2rameau |
||
| 610 | _aAfrique | ||
| 676 | _a842 | ||
| 680 |
_aPQ3989.3.T37 _bF33 2025 |
||
| 700 | 1 |
_aTarnagda _bAristide _f1983-.... |
|
| 700 | 1 |
_3145886301 _4070 |
|
| 801 | 3 |
_aFR _bAbes _c20251013 _gAFNOR |
|
| 801 | 0 |
_bAUXAM _gAACR2 |
|
| 801 | 2 |
_bCOD _gAACR2 |
|